000 00560nam a2200217Ia 4500
003 OSt
005 20220918224729.0
006 a|||||r|||| 00| 0
007 ta
008 220917b |||||||| |||| 00| 0 eng d
024 _a233,940
037 _cTextual
040 _aARTS
_cARTS
_beng
041 _2eng
_aeng
082 _aR6xM89, M1;M3
245 0 _aVision of India
260 _aNew Delhi
_bIndian Council for Cultural Relations India
_c1983
650 _aPHILOSOPHY
942 _hR6xM89, M1;M3
_cTEXL
_2CC
999 _c282153
_d282153